<?xml version="1.0" encoding="UTF-8"?>
<marc:record xmlns:marc="http://www.loc.gov/MARC21/slim">
   <marc:leader>00000nam a2200000 a 4500</marc:leader>
   <marc:datafield ind1="1" ind2=" " tag="100">
      <marc:subfield code="a">Jankrift, Kay Peter</marc:subfield>
      <marc:subfield code="4">aut</marc:subfield>
      <marc:subfield code="e">Verfasser/-in</marc:subfield>
   </marc:datafield>
   <marc:datafield ind1=" " ind2=" " tag="653">
      <marc:subfield code="a">Geschichte 500-1500</marc:subfield>
   </marc:datafield>
   <marc:datafield ind1=" " ind2=" " tag="653">
      <marc:subfield code="a">Medizin</marc:subfield>
   </marc:datafield>
   <marc:datafield ind1="0" ind2="0" tag="245">
      <marc:subfield code="a">Krankheit und Heilkunde im Mittelalter</marc:subfield>
   </marc:datafield>
   <marc:datafield ind1="0" ind2="0" tag="245">
      <marc:subfield code="c">Kay Peter Jankrift</marc:subfield>
   </marc:datafield>
   <marc:datafield ind1=" " ind2="1" tag="264">
      <marc:subfield code="a">Darmstadt</marc:subfield>
      <marc:subfield code="b">WBG, (Wiss. Buchges.), [Abt. Verl.</marc:subfield>
      <marc:subfield code="c">2012</marc:subfield>
   </marc:datafield>
   <marc:datafield ind1="1" ind2=" " tag="490">
      <marc:subfield code="a">Geschichte kompakt</marc:subfield>
   </marc:datafield>
   <marc:datafield ind1=" " ind2=" " tag="250">
      <marc:subfield code="a">2., durchges. und bibliogr. erg. Aufl.</marc:subfield>
   </marc:datafield>
   <marc:datafield ind1="1" ind2=" " tag="520">
      <marc:subfield code="a">Angaben aus der Verlagsmeldung

Krankheit und Heilkunde im Mittelalter / von Kay P Jankrift

Ob Kaiser oder Papst, Kaufmann, Bauer oder gar Arzt, ob Frau oder Mann, arm oder reich, jung oder alt – Krankheit und Tod kann niemand entgehen. Wie gingen die Menschen des Mittelalters mit diesen zentralen Konstanten menschlicher Existenz um, welche Auswirkungen hatten z.B. Seuchen auf die Gesellschaften, welche Folgen der plötzliche Tod eines Herrschers? Auf der Basis interdisziplinärer – vor allem historischer, medizinischer und archäologischer – Forschungen gibt Kay Peter Jankrift einen konzisen Überblick. Einleitend skizziert er, welche besonderen Informationen die verschiedenen Quellengattungen bieten. Im Mittelpunkt der folgenden Kapitel stehen die theoretischen Grundlagen der mittelalterlichen Medizin, wesentliche Entwicklungslinien abendländischer Heilkunde, die Bedrohungen, die für mittelalterliche Gesellschaften von Krankheiten wie Pest oder Lepra ausgingen sowie das Verhältnis zwischen Ärzten und Patienten. Zusätzliche Attraktivität erhält die Darstellung dadurch, dass hier einige Quellenauszüge erstmals ediert sind.
</marc:subfield>
   </marc:datafield>
   <marc:datafield ind1=" " ind2=" " tag="020">
      <marc:subfield code="a">9783534246786</marc:subfield>
      <marc:subfield code="9">9783534246786</marc:subfield>
   </marc:datafield>
   <marc:datafield ind1=" " ind2=" " tag="041">
      <marc:subfield code="a">ger</marc:subfield>
   </marc:datafield>
   <marc:datafield ind1=" " ind2=" " tag="300">
      <marc:subfield code="a">IX, 148 S.</marc:subfield>
   </marc:datafield>
</marc:record>
